[Event "Backi Petrovac SER, Matej Cani Mem 2017"]
[Site "Backi Petrovac SER"]
[Date "2017.03.24"]
[Round "8.4"]
[White "Cervenak, Juraj"]
[Black "Obodchuk, Andrei"]
[Result "0-1"]
[WhiteElo "1877"]
[BlackElo "2377"]
[PlyCount "38"]
[EventDate "2017.03.20"]
[EventType "swiss"]
[EventRounds "9"]
[EventCountry "SRB"]
[SourceTitle "OM OTB B 201907"]
[Source "Opening Master"]
[SourceDate "2019.07.06"]
[SourceVersion "2"]
[SourceVersionDate "2019.07.06"]
[SourceQuality "1"]

1. e4 c5 2. Nf3 Nc6 3. d4 cxd4 4. Nxd4 Nf6 5. Nc3 d6 6. Be2 e5 7. Nb3 Be7 8.
O-O a5 9. a4 O-O 10. f4 Nb4 11. f5 Bd7 12. Be3 Bc6 13. Bd3 d5 14. exd5 Nfxd5
15. Bd2 Nxd3 16. cxd3 Nb4 17. Qg4 Kh8 18. Qg3 Nc2 19. Qxe5 Bf6 0-1

[Event "FICS rated lightning game"]
[Site "FICS freechess.org"]
[Date "2017.03.22"]
[Round "?"]
[White "HUGOABEL"]
[Black "Tirado"]
[Result "1-0"]
[WhiteElo "2255"]
[BlackElo "2096"]
[PlyCount "49"]
[EventDate "2017.??.??"]
[EventType "swiss"]

1. e4 c5 2. Nf3 Nc6 3. d4 cxd4 4. Nxd4 Nf6 5. Nc3 e5 6. Be2 d6 7. Nxc6 bxc6 8.
O-O Be7 9. Be3 O-O 10. f4 exf4 11. Bxf4 Qb6+ 12. Kh1 Qxb2 13. Qd2 Be6 14. Rab1
Qa3 15. Rfd1 Rfd8 16. Rb7 Bf8 17. h3 d5 18. exd5 cxd5 19. Be5 Bb4 20. Rc7 Ne4
21. Qe3 Nxc3 22. Qg3 g6 23. Qh4 Nxe2 24. Qf6 Ng3+ 25. Kh2 1-0

[Event "Kouty nad Desnou op-A"]
[Site "Kouty nad Desnou"]
[Date "2017.03.18"]
[Round "9"]
[White "Lajbl, Jan"]
[Black "Nemcova, Kamila"]
[Result "1/2-1/2"]
[WhiteElo "1703"]
[BlackElo "1945"]
[PlyCount "60"]
[EventDate "2017.03.11"]
[EventType "swiss"]
[EventRounds "9"]
[EventCountry "CZE"]
[SourceTitle "OM OTB B 201907"]
[Source "Opening Master"]
[SourceDate "2019.07.06"]
[SourceVersion "2"]
[SourceVersionDate "2019.07.06"]
[SourceQuality "1"]

1. e4 c5 2. Nf3 d6 3. d4 cxd4 4. Nxd4 Nf6 5. Nc3 Nc6 6. Be2 e5 7. Nb3 Be7 8.
O-O Be6 9. f4 exf4 10. Bxf4 O-O 11. Kh1 Ne5 12. Nd4 Qb6 13. Nxe6 fxe6 14. Bxe5
dxe5 15. Bc4 Rfd8 16. Qe2 Rd4 17. a3 Kh8 18. Bd3 a6 19. Qf2 Qxb2 20. Ne2 Nxe4
21. Qe3 Nf6 22. Rab1 Rxd3 23. Qxd3 e4 24. Rxb2 exd3 25. cxd3 Ng4 26. d4 b5 27.
a4 b4 28. Kg1 Rd8 29. h3 Ne3 30. Rb3 Nf5 1/2-1/2

[Event "7. HD Bank Cup 2017"]
[Site "Ho Chi Minh City VIE"]
[Date "2017.03.13"]
[Round "3.34"]
[White "Tran Le Dan Thuy"]
[Black "Tu Hoang Thong"]
[Result "0-1"]
[WhiteElo "2028"]
[BlackElo "2392"]
[PlyCount "80"]
[EventDate "2017.03.12"]
[EventType "swiss"]
[EventRounds "9"]
[EventCountry "VIE"]

1. e4 c5 2. Nf3 Nc6 3. d4 cxd4 4. Nxd4 Nf6 5. Nc3 d6 6. Be2 e5 7. Nb3 Be7 8.
Be3 O-O 9. h3 a5 10. a4 Nb4 11. f4 d5 12. fxe5 Nxe4 13. Nxe4 dxe4 14. O-O Qc7
15. c3 Nc6 16. Qc2 Qxe5 17. Bf4 Qf5 18. Bg4 Qg6 19. Bxc8 Raxc8 20. Nd2 f5 21.
Qb3+ Qf7 22. Qb5 Rfd8 23. Be3 g6 24. Qxb7 Qe6 25. Qb5 Rd3 26. Rae1 Rcd8 27. Qc4
R8d5 28. Kh1 Ne5 29. Qb3 g5 30. Nc4 f4 31. Bd4 Nf7 32. Nb6 Rd6 33. Qxe6 Rxe6
34. Nc4 Bd8 35. Re2 e3 36. g3 Bc7 37. Kg2 Nh6 38. g4 Nf7 39. Kf3 Nd8 40. Rc2
e2+ 0-1

[Event "9. DSFC/V07"]
[Site "BdF server"]
[Date "2017.03.12"]
[Round "?"]
[White "Seyb, Norbert"]
[Black "Hildebrand, Gerald"]
[Result "0-1"]
[WhiteElo "1706"]
[BlackElo "2124"]
[PlyCount "88"]
[EventDate "2017.03.15"]
[SourceTitle "UltraCorr previous"]
[Source "Tim Harding"]
[SourceDate "2019.01.10"]
[SourceVersion "2"]
[SourceVersionDate "2019.01.10"]
[SourceQuality "1"]

1. e4 c5 2. Nf3 Nc6 3. d4 cxd4 4. Nxd4 Nf6 5. Nc3 d6 6. Be2 e5 7. Nb3 Be6 8.
Bg5 Be7 9. O-O O-O 10. Bxf6 Bxf6 11. Nd5 Bg5 12. c3 Rb8 13. Bg4 Qd7 14. Bxe6
fxe6 15. Qg4 h6 16. Rad1 Rf7 17. Ne3 Bxe3 18. fxe3 Rxf1+ 19. Kxf1 Rf8+ 20. Kg1
Nd8 21. Qe2 Nf7 22. Qc4 b5 23. Qd3 Qc6 24. a3 Qc4 25. Qxc4 bxc4 26. Nd2 Rc8 27.
Nf3 Kf8 28. Kf2 Ke7 29. Ke2 Rb8 30. Rb1 d5 31. exd5 exd5 32. h3 e4 33. Nd4 Ne5
34. b4 cxb3 35. Rxb3 Rxb3 36. Nxb3 Kd6 37. Nd4 Kc5 38. Ne6+ Kc4 39. Kd2 Kb3 40.
Nxg7 Nc4+ 41. Ke2 a5 42. Ne6 a4 43. Nc7 Nxa3 44. Nxd5 Nb1 0-1

[Event "FICS rated lightning game"]
[Site "FICS freechess.org"]
[Date "2017.03.11"]
[Round "?"]
[White "zurichess"]
[Black "TogaRouter"]
[Result "1/2-1/2"]
[WhiteElo "2597"]
[BlackElo "2480"]
[PlyCount "147"]
[EventDate "2017.??.??"]
[EventType "swiss"]

1. e4 c5 2. Nf3 d6 3. d4 cxd4 4. Nxd4 Nf6 5. Nc3 Nc6 6. Be2 e5 7. Nf3 h6 8. O-O
Be7 9. h3 Be6 10. Re1 O-O 11. Bf1 Qa5 12. Bd2 Qd8 13. Na4 Qc7 14. Nc3 Rad8 15.
Bd3 d5 16. exd5 Nxd5 17. Qe2 Ndb4 18. Nxe5 Qxe5 19. Qxe5 Nxe5 20. Rxe5 Nxc2 21.
Bxc2 Rxd2 22. Bb3 Rxb2 23. Ne4 Rd8 24. Bxe6 fxe6 25. Rxe6 Kf7 26. Re5 Rc2 27.
a4 Rd4 28. Rb1 Bb4 29. a5 a6 30. Kh2 g6 31. f3 Kf8 32. h4 Kg7 33. h5 gxh5 34.
Rxh5 Kg6 35. Re5 Kg7 36. Re6 h5 37. Kh3 Rdc4 38. Rd1 Rc7 39. Rd5 h4 40. Rg5+
Kf8 41. Rf6+ Rf7 42. Rh6 Ra2 43. Rxh4 Bxa5 44. Nd6 Rf6 45. Nxb7 Bc3 46. Rc5 Rc2
47. Rc8+ Kg7 48. Rc7+ Kg8 49. Nc5 Be5 50. Rc8+ Kf7 51. Rhh8 Rxf3+ 52. gxf3 Bxh8
53. Rc7+ Kg6 54. Nxa6 Rxc7 55. Nxc7 Kf5 56. Kg2 Be5 57. Nd5 Bd4 58. Kg3 Bc5 59.
Nc3 Bd4 60. Ne4 Be5+ 61. Kf2 Kf4 62. Ke2 Bd4 63. Nf2 Bxf2 64. Kxf2 Kf5 65. Ke3
Ke5 66. Kd3 Kf4 67. Ke2 Kf5 68. Kf1 Kf4 69. Kf2 Kf5 70. Ke3 Ke5 71. Kd3 Kf4 72.
Ke2 Kf5 73. Kf1 Kf4 74. Kf2 1/2-1/2

[Event "Sao Paulo Interclubs Paulista"]
[Site "Sao Paulo"]
[Date "2017.03.05"]
[Round "4.1"]
[White "Assis Oliveira, Luis Felipe Cantidi"]
[Black "Valdes Escobar, Alvaro Daniel"]
[Result "0-1"]
[WhiteElo "2000"]
[BlackElo "2412"]
[PlyCount "45"]
[EventDate "2017.03.04"]
[EventType "team-tourn"]
[EventRounds "7"]
[EventCountry "BRA"]
[SourceTitle "OM OTB B 201907"]
[Source "Opening Master"]
[SourceDate "2019.07.06"]
[SourceVersion "2"]
[SourceVersionDate "2019.07.06"]
[SourceQuality "1"]
[WhiteTeam "Sao Jose CC"]
[BlackTeam "Sao Jose FIP"]
[WhiteTeamCountry "BRA"]
[BlackTeamCountry "BRA"]

1. e4 c5 2. Nf3 d6 3. d4 cxd4 4. Nxd4 Nf6 5. Nc3 Nc6 6. Be2 e5 7. Nb3 Be7 8.
O-O O-O 9. Kh1 a5 10. a4 Nb4 11. f4 Be6 12. Bf3 Qb6 13. g4 Nxc2 14. Qxc2 Bxb3
15. Qg2 exf4 16. Bxf4 Nd7 17. Nd5 Bxd5 18. exd5 Bf6 19. Rf2 Be5 20. Bxe5 Nxe5
21. Be4 Rae8 22. Bc2 Qb4 23. Raf1 0-1

[Event "Liberec CZE, Open 2017"]
[Site "Liberec CZE"]
[Date "2017.03.03"]
[Round "8"]
[White "Horbing, Stefan"]
[Black "Nagy, Gabor"]
[Result "0-1"]
[WhiteElo "2121"]
[BlackElo "2449"]
[PlyCount "80"]
[EventDate "2017.02.25"]
[EventType "swiss"]
[EventRounds "9"]
[EventCountry "CZE"]
[SourceTitle "OM OTB B 201907"]
[Source "Opening Master"]
[SourceDate "2019.07.06"]
[SourceVersion "2"]
[SourceVersionDate "2019.07.06"]
[SourceQuality "1"]

1. e4 c5 2. Nf3 d6 3. d4 cxd4 4. Nxd4 Nf6 5. Nc3 Nc6 6. Be2 e5 7. Nb3 Be7 8.
O-O O-O 9. Be3 a5 10. Nd2 Be6 11. Nc4 b5 12. Nb6 Rb8 13. Nbd5 b4 14. Nxf6+ Bxf6
15. Nd5 Bg5 16. c3 Bxe3 17. Nxe3 bxc3 18. bxc3 Ne7 19. Qa4 Qc7 20. Qa3 Rb6 21.
Rfd1 Rc6 22. h3 g6 23. Rab1 f5 24. Rb5 fxe4 25. Rxa5 Nf5 26. Ra7 Qd8 27. Nxf5
gxf5 28. Qb4 Rb6 29. Qa5 Rb2 30. Bf1 Qh4 31. Qc7 Qxf2+ 32. Kh1 Bf7 33. Qe7 Qg3
34. Qxd6 e3 35. Qd3 e4 36. Qa6 Rd2 37. Rb1 Rf2 38. Ra8 e2 39. Rxf8+ Kxf8 40.
Qh6+ Kg8 0-1

[Event "FICS rated standard game"]
[Site "FICS freechess.org"]
[Date "2017.02.27"]
[Round "?"]
[White "Virgodaddy"]
[Black "kamenozrout"]
[Result "0-1"]
[WhiteElo "1811"]
[BlackElo "2212"]
[PlyCount "146"]
[EventDate "2017.??.??"]
[EventType "swiss"]

1. e4 c5 2. Nf3 d6 3. Be2 Nf6 4. Nc3 Nc6 5. d4 cxd4 6. Nxd4 e5 7. Nb3 Be7 8.
O-O O-O 9. h3 Be6 10. Be3 d5 11. exd5 Nxd5 12. Nxd5 Bxd5 13. c4 Be4 14. Qc1 Rb8
15. Rd1 Qc7 16. f3 Bf5 17. Bf2 Rfd8 18. Qe3 Rxd1+ 19. Rxd1 Rd8 20. a3 Rxd1+ 21.
Bxd1 Qd7 22. Be2 Kh8 23. Nc5 Qc7 24. b4 Nd4 25. Bf1 Bxc5 26. bxc5 Qxc5 27. Qc1
Qe7 28. c5 Nc6 29. Qe1 Qg5 30. Kh2 Kg8 31. h4 Qf4+ 32. Bg3 Qd4 33. Bf2 Qd5 34.
Qc3 Nd4 35. a4 Kh8 36. a5 a6 37. h5 f6 38. h6 gxh6 39. Qe3 Kg7 40. f4 Qxc5 41.
Qg3+ Kf8 42. Qh4 Kf7 43. Qxh6 Qxa5 44. Bc4+ Be6 45. Qxh7+ Kf8 46. Bxe6 Nxe6 47.
Qxb7 Nxf4 48. Qc8+ Kf7 49. Qd7+ Kg6 50. Qg4+ Kh7 51. Qh4+ Kg7 52. g3 Ng6 53.
Qg4 Qd2 54. Kg1 a5 55. Qe4 Ne7 56. Be3 Qb4 57. Qd3 a4 58. Kf2 a3 59. Qc2 Qb2
60. Qe2 Qxe2+ 61. Kxe2 a2 62. Bc5 a1=Q 63. Bxe7 Kf7 64. Bc5 Qa2+ 65. Kf3 f5 66.
Bf2 e4+ 67. Ke3 Qb3+ 68. Ke2 Qd3+ 69. Ke1 e3 70. Bg1 Qd2+ 71. Kf1 e2+ 72. Kg2
e1=Q+ 73. Kh1 Qe4# 0-1

[Event "Osijek op 10th"]
[Site "Osijek"]
[Date "2017.02.23"]
[Round "1"]
[White "Cvijanovic, Srecko"]
[Black "Berke, Ana"]
[Result "1-0"]
[WhiteElo "1774"]
[BlackElo "2185"]
[PlyCount "91"]
[EventDate "2017.02.23"]
[EventType "swiss"]
[EventRounds "7"]
[EventCountry "CRO"]
[SourceTitle "OM OTB B 201907"]
[Source "Opening Master"]
[SourceDate "2019.07.06"]
[SourceVersion "2"]
[SourceVersionDate "2019.07.06"]
[SourceQuality "1"]

1. e4 c5 2. Nf3 d6 3. d4 cxd4 4. Nxd4 Nf6 5. Nc3 Nc6 6. Be2 e5 7. Nb3 Be7 8.
Be3 Be6 9. Bf3 a5 10. O-O a4 11. Nc1 a3 12. b3 O-O 13. Qd2 Rc8 14. Nd5 Bxd5 15.
exd5 Nd4 16. Bxd4 exd4 17. Ne2 Rc5 18. b4 Rc4 19. Nxd4 Nd7 20. Be2 Rc8 21. Rab1
Bf6 22. Nb5 Nb6 23. Rb3 Re8 24. Nxa3 Re5 25. c4 Qe7 26. Bd3 Re8 27. Rbb1 Rh5
28. Rfe1 Be5 29. g3 Ra8 30. Nb5 Qf6 31. f4 Bd4+ 32. Nxd4 Qxd4+ 33. Kg2 g6 34.
Re4 Qf6 35. Rbe1 Kg7 36. Re7 Ra3 37. R1e2 Nxd5 38. cxd5 Rxd5 39. Rxf7+ Kxf7 40.
Bc4 Kg7 41. Qxd5 Rc3 42. Qe6 Qd4 43. Qe7+ Kh6 44. Qg5+ Kg7 45. Re7+ Kf8 46.
Rf7+ 1-0

[Event "FICS rated standard game"]
[Site "FICS freechess.org"]
[Date "2017.02.21"]
[Round "?"]
[White "LTUS"]
[Black "yzmchess"]
[Result "1-0"]
[WhiteElo "2237"]
[BlackElo "2238"]
[PlyCount "43"]
[EventDate "2017.??.??"]
[EventType "swiss"]

1. e4 c5 2. Nf3 Nc6 3. d4 cxd4 4. Nxd4 d6 5. Nc3 Nf6 6. Be2 e5 7. Nf3 Bg4 8. h3
Bxf3 9. Bxf3 Nd4 10. O-O h6 11. Be3 Nxf3+ 12. Qxf3 Be7 13. Qg3 a6 14. Qxg7 Rg8
15. Qxh6 Qd7 16. Bg5 Qe6 17. Rad1 Rg6 18. Qh8+ Rg8 19. Qh4 O-O-O 20. f4 Rh8 21.
Qf2 Nd7 22. f5 1-0

[Event "Oberliga Ost-A"]
[Site "Deutschland"]
[Date "2017.02.19"]
[Round "7.7"]
[White "Poenisch, Johannes"]
[Black "Boehm, Robert"]
[Result "1/2-1/2"]
[WhiteElo "1988"]
[BlackElo "2133"]
[PlyCount "39"]
[EventDate "2016.10.16"]
[EventType "team-tourn"]
[EventRounds "11"]
[EventCountry "GER"]
[SourceTitle "OM OTB B 201907"]
[Source "Opening Master"]
[SourceDate "2019.07.06"]
[SourceVersion "2"]
[SourceVersionDate "2019.07.06"]
[SourceQuality "1"]
[WhiteTeam "Coswig TuS"]
[BlackTeam "Hoyerswerda FVS ASP"]
[WhiteTeamCountry "GER"]
[BlackTeamCountry "GER"]

1. e4 c5 2. Nf3 Nc6 3. d4 cxd4 4. Nxd4 Nf6 5. Nc3 d6 6. Be2 e5 7. Nb3 Be7 8.
Be3 O-O 9. O-O Be6 10. f4 d5 11. fxe5 Nxe5 12. Bd4 Nc6 13. Bxf6 Bxf6 14. exd5
Bxc3 15. dxe6 Bxb2 16. exf7+ Kh8 17. Rb1 Bf6 18. Bf3 Rxf7 19. Qxd8+ Rxd8 20.
Bxc6 1/2-1/2

[Event "Niederoesterreich Landesliga 1617"]
[Site "Austria"]
[Date "2017.02.19"]
[Round "7.4"]
[White "Ehs, Dominik"]
[Black "Schirmbeck, Hannes"]
[Result "1/2-1/2"]
[WhiteElo "2108"]
[BlackElo "2163"]
[PlyCount "45"]
[EventDate "2016.10.02"]
[EventType "team-tourn"]
[EventRounds "11"]
[EventCountry "AUT"]
[SourceTitle "OM OTB B 201907"]
[Source "Opening Master"]
[SourceDate "2019.07.06"]
[SourceVersion "2"]
[SourceVersionDate "2019.07.06"]
[SourceQuality "1"]
[WhiteTeam "Mostarrichi"]
[BlackTeam "Stockerau"]
[WhiteTeamCountry "AUT"]
[BlackTeamCountry "AUT"]

1. Nf3 c5 2. e4 Nc6 3. d4 cxd4 4. Nxd4 Nf6 5. Nc3 d6 6. Be2 e5 7. Nb3 Be6 8.
O-O Be7 9. Be3 O-O 10. f4 exf4 11. Bxf4 Ne5 12. Kh1 a6 13. Nd4 Rc8 14. Nf5 Bxf5
15. exf5 Qb6 16. Rb1 Rfd8 17. Qe1 Re8 18. Qg3 Bf8 19. Bg5 Ned7 20. Bd3 d5 21.
Qh4 Qb4 22. Bxf6 Nxf6 23. Qxb4 1/2-1/2

[Event "Niksic MNE, Men Ch SF  2017"]
[Site "Niksic MNE"]
[Date "2017.02.19"]
[Round "5.2"]
[White "Bujisic, Vlastimir"]
[Black "Vujacic, Igor"]
[Result "1-0"]
[WhiteElo "2289"]
[BlackElo "2205"]
[PlyCount "87"]
[EventDate "2017.02.17"]
[EventType "swiss"]
[EventRounds "7"]
[EventCountry "MNE"]
[SourceTitle "OM OTB B 201907"]
[Source "Opening Master"]
[SourceDate "2019.07.06"]
[SourceVersion "2"]
[SourceVersionDate "2019.07.06"]
[SourceQuality "1"]

1. e4 c5 2. Nf3 Nc6 3. d4 cxd4 4. Nxd4 Nf6 5. Nc3 d6 6. Be2 e5 7. Nb3 Be7 8.
O-O O-O 9. Be3 a5 10. a4 Nb4 11. f3 d5 12. Nxd5 Nfxd5 13. exd5 Nxd5 14. Bf2 Bg5
15. Re1 Bf5 16. Bd3 Bxd3 17. Qxd3 Nb4 18. Qe2 Re8 19. Rad1 Qc7 20. c3 Nc6 21.
Qb5 Qc8 22. Nc5 Re7 23. Ne4 Qf5 24. Bc5 Re6 25. Qxb7 Rb8 26. Qa6 Nd4 27. Qd3
Nb3 28. Bf2 h5 29. Qe2 Rg6 30. Rd5 Bf4 31. Rb5 Rxb5 32. axb5 h4 33. Bxh4 Nc1
34. Qf1 Qh5 35. Bg3 Nb3 36. Bxf4 exf4 37. Kh1 Kh7 38. Qc4 a4 39. Qxf7 Qh4 40.
Rf1 Rh6 41. Qf5+ Kh8 42. h3 Rh5 43. Qc8+ Kh7 44. b6 1-0

[Event "Catalunya-chT Gp2"]
[Site "Barcelona"]
[Date "2017.02.18"]
[Round "5.3"]
[White "Rizouk, Aimen"]
[Black "Gallego Alcaraz, Andres Felipe"]
[Result "1/2-1/2"]
[WhiteElo "2489"]
[BlackElo "2428"]
[PlyCount "99"]
[EventDate "2017.01.21"]
[EventType "team-tourn"]
[EventRounds "7"]
[EventCountry "ESP"]
[SourceTitle "OM OTB B 201907"]
[Source "Opening Master"]
[SourceDate "2019.07.06"]
[SourceVersion "2"]
[SourceVersionDate "2019.07.06"]
[SourceQuality "1"]
[WhiteTeam "Barbera"]
[BlackTeam "Sant Josep de Badalona"]
[WhiteTeamCountry "ESP"]
[BlackTeamCountry "ESP"]

1. e4 c5 2. Nf3 d6 3. d4 cxd4 4. Nxd4 Nf6 5. Nc3 Nc6 6. Be2 e5 7. Nb3 Be7 8.
O-O O-O 9. f4 a5 10. a4 Be6 11. Bf3 Nb4 12. f5 Bc4 13. Be2 d5 14. exd5 Bxb3 15.
cxb3 Nbxd5 16. Nxd5 Qxd5 17. Qxd5 Nxd5 18. Bc4 Rfd8 19. Rd1 Bc5+ 20. Kf1 Bd4
21. Bg5 Rd6 22. Rac1 Nf6 23. Ke2 Ne4 24. Be7 Rd7 25. Ba3 Nd6 26. g4 g6 27. Rf1
Nxc4 28. Rxc4 Rad8 29. Rd1 f6 30. b4 axb4 31. Rxb4 Kf7 32. Rc4 gxf5 33. gxf5
Rg8 34. Rdc1 Rg2+ 35. Ke1 Bb6 36. Rh4 h6 37. Rc8 Bd8 38. Rxh6 Kg7 39. Rh3 Rg1+
40. Ke2 Rg2+ 41. Kf3 Rgd2 42. Rc4 R7d3+ 43. Kg4 Rd4+ 44. Rxd4 Rxd4+ 45. Kh5 Rf4
46. Rd3 Rxf5+ 47. Kh4 Rf4+ 48. Kh5 Rf5+ 49. Kh4 Rf4+ 50. Kh5 1/2-1/2

[Event "FICS rated blitz game"]
[Site "FICS freechess.org"]
[Date "2017.02.18"]
[Round "?"]
[White "HUGOABEL"]
[Black "JackInBox"]
[Result "1-0"]
[WhiteElo "2145"]
[BlackElo "1915"]
[PlyCount "103"]
[EventDate "2017.??.??"]
[EventType "blitz"]

1. e4 c5 2. Nf3 Nc6 3. d4 cxd4 4. Nxd4 Nf6 5. Nc3 d6 6. Be2 e5 7. Nb3 a5 8. a4
Be7 9. O-O Be6 10. Be3 Rc8 11. f3 O-O 12. Nd5 Bxd5 13. exd5 Nb4 14. c4 e4 15.
Rc1 exf3 16. Bxf3 Nd7 17. Be4 Bf6 18. Rf2 g6 19. Qf3 Bg7 20. Qg3 Ne5 21. Nd2
Nbd3 22. Bxd3 Nxd3 23. Bg5 f6 24. Qxd3 fxg5 25. Rxf8+ Qxf8 26. b3 Qd8 27. Ne4
Be5 28. g3 Qb6+ 29. Kg2 Rf8 30. Rf1 Rxf1 31. Kxf1 h6 32. Kg2 Kg7 33. Kf3 Qg1
34. Qe2 Qh1+ 35. Ke3 Qc1+ 36. Qd2 Qg1+ 37. Qf2 Bd4+ 38. Kxd4 Qxf2+ 39. Nxf2 Kf6
40. g4 h5 41. h3 h4 42. Ne4+ Ke7 43. Nxg5 Kd7 44. Ne4 Kc7 45. Kc3 Kd7 46. b4 b6
47. bxa5 bxa5 48. Kd4 Kc7 49. c5 dxc5+ 50. Kxc5 Kd7 51. d6 Kd8 52. Kc6 1-0

[Event "FICS rated standard game"]
[Site "FICS freechess.org"]
[Date "2017.02.06"]
[Round "?"]
[White "MichaelOgbeide"]
[Black "qcbarber"]
[Result "0-1"]
[WhiteElo "1937"]
[BlackElo "2104"]
[PlyCount "52"]
[EventDate "2017.??.??"]
[EventType "swiss"]

1. e4 c5 2. Nf3 Nc6 3. d4 cxd4 4. Nxd4 Nf6 5. Nc3 d6 6. Be2 e5 7. Nb3 Be6 8.
O-O Be7 9. h3 O-O 10. Be3 a6 11. Qd2 Rc8 12. Rad1 Qc7 13. f3 Nb8 14. Bd3 Nbd7
15. Qf2 b5 16. Rd2 Qc6 17. Rfd1 b4 18. Ne2 Qa4 19. Nbc1 d5 20. Ng3 d4 21. Bg5
Ng4 22. hxg4 Bxg5 23. Re2 Nc5 24. b3 Qa3 25. Ree1 Bxc1 26. Rxc1 Nxd3 0-1

[Event "FICS rated lightning game"]
[Site "FICS freechess.org"]
[Date "2017.02.03"]
[Round "?"]
[White "shadew"]
[Black "Esken"]
[Result "1-0"]
[WhiteElo "2251"]
[BlackElo "2106"]
[PlyCount "55"]
[EventDate "2017.??.??"]
[EventType "swiss"]

1. e4 c5 2. Nf3 d6 3. d4 cxd4 4. Nxd4 Nf6 5. Nc3 Nc6 6. Be2 e5 7. Nxc6 bxc6 8.
O-O h6 9. f4 Be7 10. Kh1 O-O 11. Be3 Be6 12. Qd2 exf4 13. Bxf4 d5 14. e5 Ne4
15. Nxe4 dxe4 16. Qe3 Bd5 17. c4 Be6 18. Qxe4 Qb6 19. b3 Bc5 20. Rad1 Rfd8 21.
Bd3 Rd4 22. Qh7+ Kf8 23. Qh8+ Ke7 24. Qxa8 Rxd3 25. Rxd3 Bg1 26. Qd8+ Qxd8 27.
Rxd8 Kxd8 28. Kxg1 1-0

[Event "FICS rated standard game"]
[Site "FICS freechess.org"]
[Date "2017.02.01"]
[Round "?"]
[White "sentiger"]
[Black "GriffyJr"]
[Result "0-1"]
[WhiteElo "1959"]
[BlackElo "2073"]
[PlyCount "94"]
[EventDate "2017.??.??"]
[EventType "swiss"]

1. e4 c5 2. Nf3 Nc6 3. d4 cxd4 4. Nxd4 Nf6 5. Nc3 d6 6. Be2 e5 7. Nb3 Be7 8.
Be3 O-O 9. f3 Be6 10. Qd2 Qd7 11. O-O-O Nb4 12. Kb1 a5 13. a3 Nc6 14. Nd5 Rad8
15. Bb6 Rc8 16. Nxa5 Nxa5 17. Bxa5 Nxd5 18. exd5 Bf5 19. Bd3 Bxd3 20. Qxd3 Bg5
21. c4 Qa4 22. Bb4 Rfe8 23. Ka2 Rc7 24. b3 Qa6 25. h4 Bf4 26. Rhe1 Bg3 27. Rh1
Bf4 28. Rh3 Qb6 29. g3 Bh6 30. Rh2 Ra8 31. Kb2 Be3 32. Bc3 Bf2 33. Rg2 Bc5 34.
b4 Be3 35. Re1 Bf2 36. Re2 Bg1 37. Bd2 Rac8 38. Kb3 Bd4 39. Be3 Rxc4 40. Bxd4
Rxd4 41. Qe3 Qb5 42. Rd2 Qxd5+ 43. Kb2 b5 44. Rxd4 exd4 45. Qd3 Rc3 46. Qe4
Qb3+ 47. Ka1 Rc1+ 0-1

[Event "Florianopolis BRA, 2nd Cordioli Cup"]
[Site "Florianopolis BRA"]
[Date "2017.01.31"]
[Round "8.5"]
[White "Gauche, Charles"]
[Black "Valdes Escobar, Alvaro"]
[Result "1/2-1/2"]
[WhiteElo "2234"]
[BlackElo "2397"]
[PlyCount "117"]
[EventDate "2017.01.27"]
[EventType "tourn"]
[EventRounds "9"]
[EventCountry "BRA"]
[EventCategory "2"]
[SourceTitle "OM OTB B 201907"]
[Source "Opening Master"]
[SourceDate "2019.07.06"]
[SourceVersion "2"]
[SourceVersionDate "2019.07.06"]
[SourceQuality "1"]

1. e4 c5 2. Nf3 d6 3. d4 cxd4 4. Nxd4 Nf6 5. Nc3 Nc6 6. Be2 e5 7. Nf3 h6 8. O-O
Be7 9. b3 O-O 10. Bb2 Be6 11. Re1 Nb8 12. Bf1 Nbd7 13. Nd2 Rc8 14. Nc4 Nc5 15.
a4 a6 16. f3 Qc7 17. a5 Ncd7 18. Ne3 g6 19. Kh1 Rfe8 20. Bc4 Bf8 21. Re2 h5 22.
Ncd5 Bxd5 23. Nxd5 Nxd5 24. Bxd5 Nf6 25. Bc4 Qd8 26. Bc1 Rc6 27. Ba3 Be7 28.
Rd2 Qd7 29. Qe2 Rec8 30. Rdd1 Kg7 31. Bb2 Qc7 32. Qe3 Rh8 33. Bc3 h4 34. f4 h3
35. g3 Rc8 36. Ra4 Rc5 37. Qf3 Qc6 38. Re1 Qd7 39. Bb2 Kg8 40. Raa1 Qg4 41.
Qxg4 Nxg4 42. Ra4 Bf6 43. Kg1 exf4 44. Bxf6 Nxf6 45. gxf4 d5 46. exd5 Nxd5 47.
Bd3 R8c7 48. Re5 Kg7 49. Rd4 Nf6 50. c4 Rxe5 51. fxe5 Nd7 52. Rd5 Nc5 53. Bc2
Ne6 54. Kf2 Nf4 55. Rd4 g5 56. b4 f6 57. exf6+ Kxf6 58. c5 Ke5 59. Rd6 1/2-1/2

[Event "Berlin-ch Seniors op 33rd"]
[Site "Berlin"]
[Date "2017.01.31"]
[Round "1"]
[White "Hiller, Bernd"]
[Black "Tuerk, Bernhard"]
[Result "1-0"]
[WhiteElo "1903"]
[BlackElo "1630"]
[PlyCount "53"]
[EventDate "2017.01.31"]
[EventType "swiss"]
[EventRounds "9"]
[EventCountry "GER"]
[SourceTitle "OM OTB B 201907"]
[Source "Opening Master"]
[SourceDate "2019.07.06"]
[SourceVersion "2"]
[SourceVersionDate "2019.07.06"]
[SourceQuality "1"]

1. e4 c5 2. Nf3 Nc6 3. d4 cxd4 4. Nxd4 d6 5. Be2 Nf6 6. Nc3 e5 7. Nb3 a6 8. O-O
Be7 9. Be3 O-O 10. Qd2 Be6 11. Rad1 Qc7 12. f3 h6 13. Qe1 Nh7 14. f4 exf4 15.
Bxf4 Rad8 16. Qg3 Kh8 17. Nd5 Bxd5 18. exd5 Na7 19. c3 Bg5 20. Bd3 Bxf4 21.
Rxf4 g5 22. Rf5 f6 23. Nd4 Rf7 24. Kh1 Qd7 25. Qh3 Kg7 26. Ne6+ Kg6 27. Rxg5#
1-0

[Event "Antalya TUR, Turkish Cup 2017"]
[Site "Antalya TUR"]
[Date "2017.01.29"]
[Round "3.115"]
[White "Sahin, Fehim"]
[Black "Peker, Serdar"]
[Result "0-1"]
[WhiteElo "1609"]
[BlackElo "1763"]
[PlyCount "144"]
[EventDate "2017.01.28"]
[EventType "swiss"]
[EventRounds "11"]
[EventCountry "TUR"]
[SourceTitle "OM OTB B 201907"]
[Source "Opening Master"]
[SourceDate "2019.07.06"]
[SourceVersion "2"]
[SourceVersionDate "2019.07.06"]
[SourceQuality "1"]

1. e4 c5 2. Nf3 d6 3. d4 cxd4 4. Nxd4 Nf6 5. Nc3 Nc6 6. Be2 e5 7. Nb3 Be7 8.
Be3 O-O 9. O-O Be6 10. f4 exf4 11. Bxf4 Ne5 12. Qd4 Nc6 13. Qd2 a6 14. h3 Ne5
15. Qd4 Qc7 16. Rac1 b5 17. Nd5 Bxd5 18. exd5 Nfd7 19. c3 Bf6 20. Qe4 Rae8 21.
Qb4 Nb6 22. Rcd1 Nbc4 23. Bxc4 Nxc4 24. Nd4 Be5 25. Nf5 Bxf4 26. Rxf4 Re2 27.
b3 Qb6+ 28. Nd4 Ne3 29. Kh1 Nxd5 30. Nxe2 Nxb4 31. Rxb4 Qf2 32. Re4 f5 33. Re6
f4 34. Ng1 f3 35. gxf3 Rxf3 36. Rexd6 Rf6 37. R6d2 Qf4 38. Rd8+ Rf8 39. R8d4
Qc7 40. c4 h6 41. cxb5 axb5 42. a4 Qb7+ 43. Kh2 b4 44. R1d3 Kh7 45. Rd7 Qb8+
46. Kh1 Rf6 47. Rg3 Rg6 48. Rxg6 Kxg6 49. Rd3 Kf5 50. Rf3+ Ke4 51. Kg2 g5 52.
Kf2 Qh2+ 53. Kf1 h5 54. Rf2 Qc7 55. Re2+ Kd3 56. Rf2 g4 57. hxg4 hxg4 58. Ne2
Qe5 59. Rg2 Qe4 60. Kg1 Qe3+ 61. Kf1 Qg5 62. Kg1 Kc2 63. Rg3 Kd2 64. Rg2 Ke1
65. Kh2 Qh6+ 66. Kg1 Qe3+ 67. Kh2 Qh3+ 68. Kg1 Qxb3 69. Ng3 Qxa4 70. Re2+ Kd1
71. Re4 Qa7+ 72. Kg2 Qb7 0-1